[Event "ESP-ch U14"]
[Site "Salobrena"]
[Date "2023.07.19"]
[Round "4"]
[White "Tabuenca Mendataurigoitia, Daniel"]
[Black "Bercaru, Vlad Ionut"]
[Result "1-0"]
[WhiteElo "2358"]
[BlackElo "2057"]
[PlyCount "115"]
[EventDate "2023.07.17"]
[EventType "swiss"]
[EventRounds "9"]
[EventCountry "ESP"]
[SourceTitle "EXT 2024"]
[Source "ChessBase"]
[SourceDate "2023.10.10"]
[SourceVersion "1"]
[SourceVersionDate "2023.10.10"]
[SourceQuality "1"]

1. e4 c6 2. Nf3 d5 3. d3 dxe4 4. dxe4 Qxd1+ 5. Kxd1 Nf6 6. Nbd2 g6 7. Ne5 Nbd7 8. Nd3 Ng4 9. a4 Nge5 10. f3 Bh6 11. a5 Nxd3 12. Bxd3 Ne5 13. Nb3 Bxc1 14. Kxc1 Kd8 15. f4 Nxd3+ 16. cxd3 Kc7 17. Kd2 Bd7 18. Rhc1 Rad8 19. Ke3 Rhe8 20. Rc5 b6 21. Rcc1 Kb7 22. Ra3 c5 23. Rca1 Bb5 24. Nc1 a6 25. Rc3 e5 26. fxe5 Rxe5 27. axb6 Kxb6 28. Nb3 Rde8 29. Nd2 Rh5 30. h3 f5 31. Rf1 Re6 32. Rfc1 Rg5 33. R1c2 fxe4 34. dxe4 Bc6 35. g4 Rd5 36. Rc1 Rd8 37. Rxc5 Bb5 38. R5c3 Rde8 39. h4 h6 40. Rg1 g5 41. hxg5 hxg5 42. Rh1 Rd8 43. Nf3 Bc6 44. Nxg5 Rg6 45. Rh5 Rdg8 46. Kf4 Rf8+ 47. Kg3 Bd7 48. e5 Rfg8 49. Kh4 Be8 50. Rf3 Kb5 51. Rf5 Kb4 52. Rh7 Rb6 53. e6 Bg6 54. Rf4+ Ka5 55. Rh6 Rxb2 56. e7 Re2 57. Rf8 Rg7 58. Rxg6 1-0

[Event "ESP-ch U14"]
[Site "Salobrena"]
[Date "2023.07.18"]
[Round "9"]
[White "Povshednyi, Ivan"]
[Black "Bercaru, Vlad Ionut"]
[Result "1-0"]
[WhiteElo "2220"]
[BlackElo "2057"]
[PlyCount "69"]
[EventDate "2023.07.17"]
[EventType "swiss"]
[EventRounds "9"]
[EventCountry "ESP"]
[SourceTitle "EXT 2024"]
[Source "ChessBase"]
[SourceDate "2023.10.10"]
[SourceVersion "1"]
[SourceVersionDate "2023.10.10"]
[SourceQuality "1"]

1. Nf3 Nf6 2. g3 e6 3. Bg2 d5 4. 0-0 c5 5. c4 Nc6 6. d4 Be7 7. dxc5 Bxc5 8. a3 0-0 9. b4 Be7 10. Nbd2 dxc4 11. Nxc4 Qxd1 12. Rxd1 Nd5 13. Bb2 b5 14. Nce5 Nxe5 15. Nxe5 Bb7 16. Nd3 Rac8 17. Bd4 a5 18. bxa5 Rc4 19. e3 Rfc8 20. Nb2 Rxd4 21. Rxd4 Bf6 22. Rd2 Ba8 23. Rf1 Bd8 24. a6 Ba5 25. Rd3 g6 26. Rb3 Bc6 27. Rc1 Kg7 28. Nd3 Rc7 29. Ne5 Ba8 30. Rxc7 Bxc7 31. Nd3 Bc6 32. Nb4 Nxb4 33. Rxb4 Bxg2 34. Kxg2 Bd6 35. a7 1-0

[Event "La Roda op 49th"]
[Site "La Roda"]
[Date "2023.04.05"]
[Round "1"]
[White "Jumabayev, Rinat"]
[Black "Bercaru, Vlad Ionut"]
[Result "1-0"]
[WhiteElo "2609"]
[BlackElo "1907"]
[PlyCount "99"]
[EventDate "2023.04.05"]
[EventType "swiss"]
[EventRounds "9"]
[EventCountry "ESP"]
[SourceTitle "CBM 213 Extra"]
[Source "ChessBase"]
[SourceDate "2023.05.31"]
[SourceVersion "1"]
[SourceVersionDate "2023.05.31"]
[SourceQuality "1"]

1. Nf3 Nf6 2. c4 e6 3. Nc3 d5 4. e3 Be7 5. b3 0-0 6. Bb2 c5 7. cxd5 exd5 8. d4 cxd4 9. Nxd4 Nc6 10. Be2 Qb6 11. Nxc6 bxc6 12. 0-0 Ba6 13. Rc1 Bxe2 14. Qxe2 Rac8 15. Na4 Qb5 16. Rc2 Qxe2 17. Rxe2 Nd7 18. Rc1 Nb6 19. Nc5 Bxc5 20. Rxc5 Rfe8 21. Rec2 Re6 22. Bd4 h5 23. Kf1 Rc7 24. Ra5 Rb7 25. Rac5 Rc7 26. Ke2 g6 27. b4 Nc4 28. b5 Kf8 29. bxc6 Rcxc6 30. Rxd5 Nxe3 31. Rxc6 Nxd5+ 32. Rxe6 Nf4+ 33. Kd2 fxe6 34. g3 Nd5 35. Bxa7 Ke7 36. Bc5+ Kd7 37. a4 Nf6 38. Bd4 Ne4+ 39. Kd3 Nd6 40. a5 Kc6 41. a6 h4 42. g4 h3 43. f4 Nf7 44. Ke4 g5 45. fxg5 Nxg5+ 46. Kf4 Nf7 47. g5 Nd6 48. g6 Nf5 49. g7 Ne7 50. Ke5 1-0

[Event "Sueca op 6th"]
[Site "Sueca"]
[Date "2022.07.28"]
[Round "5"]
[White "Bercaru, Vlad Ionut"]
[Black "Ilinca Ilinca, Felix Antonio"]
[Result "1-0"]
[WhiteElo "1971"]
[BlackElo "2162"]
[PlyCount "73"]
[EventDate "2022.07.25"]
[EventType "swiss"]
[EventRounds "9"]
[EventCountry "ESP"]
[SourceTitle "CBM 209 Extra"]
[Source "ChessBase"]
[SourceDate "2022.09.30"]
[SourceVersion "1"]
[SourceVersionDate "2022.09.30"]
[SourceQuality "1"]

1. c4 e6 2. Nc3 d5 3. cxd5 exd5 4. d4 c6 5. Qc2 Be7 6. Bf4 Nf6 7. e3 0-0 8. Bd3 h6 9. Nge2 Nh5 10. Bg3 Nd7 11. a3 a5 12. Nf4 Nxg3 13. hxg3 Re8 14. Bh7+ Kh8 15. Bf5 b5 16. Bg6 Rf8 17. Nce2 Bb7 18. Bd3 Re8 19. Kf1 Nf6 20. Nh5 Bd6 21. Nxf6 Qxf6 22. Nf4 Rec8 23. Qd1 Bf8 24. Nh5 Qd6 25. Qf3 Rc7 26. g4 Qd8 27. Qf5 g6 28. Qe5+ f6 29. Nxf6 Qe7 30. Qf4 Qg7 31. g5 h5 32. Bxg6 Qxg6 33. Rxh5+ Qxh5 34. Nxh5 Rh7 35. Nf6 Rh1+ 36. Ke2 Rxa1 37. Qh4+ 1-0

[Event "ESP-ch U12"]
[Site "Salobrena"]
[Date "2020.07.30"]
[Round "6"]
[White "Tabuenca Mendataurigoitia, Daniel"]
[Black "Bercaru, Vlad Ionut"]
[Result "1-0"]
[WhiteElo "1865"]
[BlackElo "1527"]
[PlyCount "69"]
[EventDate "2020.07.27"]
[EventType "swiss"]
[EventRounds "9"]
[EventCountry "ESP"]
[SourceTitle "EXT 2021"]
[Source "ChessBase"]
[SourceDate "2020.10.23"]
[SourceVersion "1"]
[SourceVersionDate "2020.10.23"]
[SourceQuality "1"]

1. e4 e6 2. d4 d5 3. Nd2 Ne7 4. e5 g6 5. c3 Bg7 6. Bd3 b6 7. h4 h6 8. h5 g5 9. f4 gxf4 10. Qg4 Bf8 11. Qxf4 Ba6 12. Bc2 Nd7 13. Ne2 c5 14. Rf1 Nf5 15. Bxf5 exf5 16. Rf2 Bxe2 17. Kxe2 Qe7 18. Qxf5 Qe6 19. Nf1 Rg8 20. Ne3 Rg5 21. Qf3 cxd4 22. cxd4 Rc8 23. Bd2 Kd8 24. Qxf7 Qxf7 25. Rxf7 Rg7 26. Rxg7 Bxg7 27. Rc1 Rxc1 28. Bxc1 Ke7 29. Nf5+ Kf7 30. e6+ Kxe6 31. Nxg7+ Kf7 32. Nf5 Nf6 33. g4 Nxg4 34. Nxh6+ Nxh6 35. Bxh6 1-0